Habilidades de dirección /
Este libro es una guía teórico-práctica sobre las habilidades clave para dirigir una organización, tales como el establecimiento de prioridades para los trabajos, la delegación, la comunicación, las relaciones entre los empleados, la negociación, la evaluación, el desarrollo del personal, la resoluc...
Spremljeno u:
| Glavni autor: | |
|---|---|
| Daljnji autori: | |
| Format: | Knjiga |
| Jezik: | španjolski |
| Izdano: |
Madrid, España :
Thomson,
2003, c2003
|
| Izdanje: | 5a edición |
| Serija: | (Negocios Thomson)
|
| Teme: | |
| Oznake: |
Bez oznaka, Budi prvi tko označuje ovaj zapis!
|
MARC
| LEADER | 00000nam^a2200000^a^4500 | ||
|---|---|---|---|
| 001 | 000183476 | ||
| 005 | 20250521000000.0 | ||
| 009 | 20260310102041.415 | ||
| 020 | |a 84-9732-163-4 | ||
| 037 | |a Acervo ITESO - Biblioteca | ||
| 041 | |a ESP | ||
| 082 | |a 658. 4 |b REE | ||
| 100 | |a Rees, David W. |e (autor) | ||
| 245 | 1 | 0 | |a Habilidades de dirección / |c D.W. Rees, C. Porter ; tr. por Yago Moreno López. |
| 250 | |a 5a edición | ||
| 264 | 4 | |a Madrid, España : |b Thomson, |c 2003, c2003 | |
| 300 | |a XXX, 480 p. | ||
| 336 | |a texto |b txt |2 rdacontenido | ||
| 337 | |a sin mediación |b n |2 rdamedio | ||
| 338 | |a volumen |b nc |2 rdasoporte | ||
| 440 | 1 | |a (Negocios Thomson) | |
| 500 | |a Traducción de: Skills of Management | ||
| 520 | |a Este libro es una guía teórico-práctica sobre las habilidades clave para dirigir una organización, tales como el establecimiento de prioridades para los trabajos, la delegación, la comunicación, las relaciones entre los empleados, la negociación, la evaluación, el desarrollo del personal, la resolución de problemas de disciplina y las reuniones con los empleados; todo con el fin de identificar los problemas antes de emprender acciones. | ||
| 649 | |a XX | ||
| 650 | |a Conducción de Juntas | ||
| 650 | |a Solución de Problemas | ||
| 650 | |a Empowerment | ||
| 650 | |a Desarrollo de Ejecutivos | ||
| 650 | |a Formación y Capacitación Laboral | ||
| 650 | |a Motivación Laboral | ||
| 650 | |a Negociación y Mediación | ||
| 650 | |a Descripción y Valuación de Puestos | ||
| 650 | |a Comunicación Organizacional | ||
| 650 | |a Relaciones Laborales | ||
| 650 | |a Organización Administrativa | ||
| 650 | |a Proceso Administrativo - |x Dirección | ||
| 650 | |a Administración | ||
| 650 | |a Ciencias Administrativas | ||
| 700 | |a Porter, Christine |e (autor) | ||
| 910 | |a Fondo General | ||
| 920 | |a Impresos - Libros | ||
| 930 | |a Colección General | ||
| 905 | |a 101 | ||
| 901 | |a 0500123670 |b IT1 |c ACC |u 20250521 | ||
| 902 | |a https://opac.biblio.iteso.mx/vufind/Record/000183476 | ||